Truyện viết cho thiếu nhi sau năm 1975 /

Đã lưu trong:
書目詳細資料
主要作者: Lã Thị Bắc Lý
格式: Sách giấy
語言:Vietnamese
出版: H. : Đại học Quốc gia Hà Nội, 2000
標簽: 添加標簽
沒有標簽, 成為第一個標記此記錄!
Thư viện lưu trữ: Thư viện Trường Đại học Đà Lạt
LEADER 00689nam a2200277 4500
001 DLU020020328
003 ##DLU
005 ##20021219
008 ##021219t vn z000 vie d
040 # # |a DLU  |b vie 
041 # # |a vie 
044 # # |a vn 
082 # # |a 808.068  |b LA-L 
100 # # |a Lã Thị Bắc Lý 
245 # # |a Truyện viết cho thiếu nhi sau năm 1975 /  |c Lã Thị Bắc Lý 
260 # # |a H. :  |b Đại học Quốc gia Hà Nội,  |c 2000 
300 # # |a 183 tr. ;  |c 20 cm. 
992 # # |a 15500 
994 # # |a DLU 
900 # # |a True 
911 # # |a Phan Ngọc Đông 
925 # # |a G 
926 # # |a A 
927 # # |a SH 
980 # # |a Thư viện Trường Đại học Đà Lạt